| 000 | 01615nam0a2200349 4500 | ||
|---|---|---|---|
| 001 | RU\NLR\bibl\55400 | ||
| 005 | 20260406093116.0 | ||
| 010 |
_a5-225-04203-1 _91500 |
||
| 021 |
_aRU _b99-31665 _91552 |
||
| 035 | _a(NLR Aleph) 000054020 | ||
| 090 |
_a290967 _c290967 |
||
| 100 | _a19991028d1999 |||y0rusy50 ca | ||
| 101 | 0 | _arus | |
| 102 | _aRU | ||
| 105 | _aa ||||||||| | ||
| 200 | 1 |
_aИзбранные труды _fИ. П. Павлов _gПод общ. ред. акад. Ю. В. Наточина и др. _g[Сост. и авт. вступ. ст. д.м.н. Н. А. Григорьян] _gРос. акад. наук. Отд-ние физиологии, Моск. мед. акад. им. И. М. Сеченова |
|
| 210 |
_aМ. _cМедицина _d1999 |
||
| 215 |
_a[1], 447 с. _cил., портр. _d22 |
||
| 320 | _aБиблиогр. в подстроч. примеч. | ||
| 600 | 1 |
_aПавлов _bИ.П. _f1849 - 1936 _gИван Петрович _91320330 _3RU\NLR\auth\66232577 |
|
| 606 | 0 |
_aФизиология _jСборники _9893347 _3RU\NLR\auth\663241 |
|
| 686 | _aЕ903я44 | ||
| 686 | _aЕ903д(2)Павлов | ||
| 700 | 1 |
_4070 _8rus _7ca _aПавлов _bИ. П. _cфизиолог _f1849-1936 _gИван Петрович _3RU\NLR\AUTH\7764869 _947798 |
|
| 702 | 1 |
_4220 _8rus _7ca _aГригорьян _bН. А. _gНоравард Андреевна _3RU\NLR\AUTH\7713283 _9122976 |
|
| 702 | 1 |
_aНаточин _bЮ. В. _gЮрий Викторович _4340 |
|
| 801 | 0 |
_aRU _bNLR _c19991028 _gPSBO |
|
| 801 | 1 |
_aRU _bNLR _c19991028 |
|
| 852 |
_aNLR _j99-5/3278 |
||
| 942 | _cBOOK | ||
| 980 | _aNB | ||